[Event "C.to Provinciale PR"]
[Site "Salsomaggiore Terme ITA"]
[Date "2016.03.20"]
[Round "4"]
[White "Zuccaro, Guido"]
[Black "Cripotos, Demetrio"]
[WhiteElo "1724"]
[BlackElo "1835"]
[Result "1-0"]
[PlyCount "123"]
[EventDate "2016.03.18"]

1. c4 Nf6 2. Nc3 e5 3. g3 Nc6 4. Bg2 Bc5 5. e3 d6 6. Nge2 Bg4 7. h3 Bd7 8. O-O
Qc8 9. Kh2 a6 10. d4 exd4 11. exd4 Ba7 12. Re1 O-O 13. b3 Bf5 14. f4 Nb4 15.
Rf1 Nc2 16. Rb1 h5 17. Rb2 Nb4 18. Rd2 Re8 19. a3 Nc6 20. d5 Na5 21. Nd4 Ne4
22. Nxe4 Bxe4 23. Bb2 Bxg2 24. Kxg2 Re3 25. Rf3 Re4 26. Bc3 Bxd4 27. Rxd4 Qf5
28. Rxe4 Qxe4 29. Bxa5 b6 30. Bc3 Re8 31. Qd4 Qg6 32. Kf2 Qc2+ 33. Kg1 f6 34.
b4 Re2 35. Qd3 Rg2+ 36. Kf1 Qa2 37. Be1 Rh2 38. Rf2 Rxf2+ 39. Bxf2 Qa1+ 40. Kg2
Qb2 41. Kf3 Kf7 42. Bd4 Qh2 43. Qf1 Qc2 44. Qe2 Qb3+ 45. Kg2 Qxa3 46. Qe6+ Kg6
47. Qe8+ Kh6 48. g4 Qa2+ 49. Bf2 hxg4 50. hxg4 Kh7 51. Qe4+ Kg8 52. g5 fxg5 53.
fxg5 Qb2 54. g6 Qf6 55. Qe8+ Qf8 56. Qxf8+ Kxf8 57. Bh4 Ke8 58. Kf3 Kd7 59. Be1
c6 60. Ke4 b5 61. cxb5 axb5 62. Bc3 1-0

[Event "C.to Provinciale PR"]
[Site "Salsomaggiore Terme ITA"]
[Date "2016.03.20"]
[Round "5"]
[White "Balestra, Stefano"]
[Black "Magri, Leonardo"]
[WhiteElo "1724"]
[BlackElo "1733"]
[Result "1-0"]
[PlyCount "45"]
[EventDate "2016.03.18"]

1. d4 d5 2. Bf4 Bf5 3. e3 e6 4. Nd2 c5 5. Bxb8 Qxb8 6. Bb5+ Kd8 7. Ngf3 f6 8.
dxc5 Bxc5 9. Nb3 Qd6 10. Nfd4 Bxd4 11. Qxd4 e5 12. Qd2 b6 13. O-O a6 14. Be2
Ne7 15. c3 Ke8 16. Rad1 Kf7 17. c4 Rhd8 18. cxd5 Kf8 19. f3 e4 20. fxe4 Bxe4
21. Bf3 Qxd5 22. Qb4 Qb7 23. Bxe4 1-0

[Event "C.to Provinciale PR"]
[Site "Salsomaggiore Terme ITA"]
[Date "2016.03.20"]
[Round "5"]
[White "Boasso, Andrea"]
[Black "Gorini, Michele"]
[WhiteElo "1440"]
[BlackElo "1622"]
[Result "1/2-1/2"]
[PlyCount "64"]
[EventDate "2016.03.18"]

1. e4 b6 2. d4 Bb7 3. Nc3 e6 4. Nf3 Bb4 5. Bd3 Nf6 6. Qe2 d5 7. e5 Ne4 8. Bd2
Nxd2 9. Nxd2 c5 10. Nb5 cxd4 11. Nxd4 Qg5 12. N4f3 Bxd2+ 13. Nxd2 O-O 14. h4
Qf4 15. g3 Qb4 16. O-O-O g6 17. h5 Nd7 18. hxg6 f5 19. Qh5 Qe7 20. gxh7+ Kh8
21. Rh4 Nxe5 22. Nf3 Nxf3 23. Qxf3 Rf7 24. Qf4 Re8 25. Qe5+ Qf6 26. Qxf6+ Rxf6
27. Bb5 Re7 28. Rdh1 Rff7 29. Kd2 Rxh7 30. Rxh7+ Rxh7 31. Rxh7+ Kxh7 32. Ke3
Kg6 1/2-1/2

[Event "C.to Provinciale PR"]
[Site "Salsomaggiore Terme ITA"]
[Date "2016.03.20"]
[Round "5"]
[White "Brogneri, Giovanni"]
[Black "Zuccaro, Guido"]
[WhiteElo "1843"]
[BlackElo "1724"]
[Result "1-0"]
[PlyCount "69"]
[EventDate "2016.03.18"]

1. c4 e5 2. g3 Nc6 3. Bg2 Nf6 4. Nc3 d6 5. d3 g6 6. e4 Bg7 7. Nge2 O-O 8. O-O
Be6 9. Rb1 a5 10. h3 Qd7 11. Kh2 Ne7 12. Nd5 Qd8 13. f4 c6 14. Nxe7+ Qxe7 15.
f5 Bc8 16. g4 h6 17. Be3 Qd8 18. Qd2 Kh7 19. Nc3 b6 20. Qf2 Ra6 21. d4 Bb7 22.
dxe5 dxe5 23. Rbd1 Qc7 24. g5 hxg5 25. Bxg5 Raa8 26. Qh4+ Nh5 27. f6 Bh6 28.
Bxh6 Kxh6 29. Bf3 Bc8 30. Rg1 Bf5 31. Qg5+ Kh7 32. Bxh5 Rh8 33. exf5 e4+ 34.
Kh1 Kg8 35. fxg6 1-0

[Event "C.to Provinciale PR"]
[Site "Salsomaggiore Terme ITA"]
[Date "2016.03.20"]
[Round "5"]
[White "Cremonini, Stefano"]
[Black "Peloni, Davide"]
[WhiteElo "1558"]
[BlackElo "1618"]
[Result "1-0"]
[PlyCount "55"]
[EventDate "2016.03.18"]

1. d4 d5 2. Nf3 Bf5 3. Bf4 e6 4. e3 c5 5. Bb5+ Nd7 6. Ne5 Qa5+ 7. Nc3 Rd8 8.
Nxd7 Rxd7 9. Bxd7+ Kxd7 10. O-O Nf6 11. dxc5 Bxc5 12. Qe2 Qb4 13. Qb5+ Qxb5 14.
Nxb5 a6 15. Nd4 Bg6 16. h3 Re8 17. Nf3 Bb6 18. Ne5+ Kd8 19. Nxg6 hxg6 20. Be5
Rg8 21. Rfd1 Kd7 22. c4 Kc6 23. cxd5+ exd5 24. Rac1+ Kd7 25. Bxf6 gxf6 26.
Rxd5+ Ke6 27. Rcd1 Rc8 28. Rd6+ 1-0

[Event "C.to Provinciale PR"]
[Site "Salsomaggiore Terme ITA"]
[Date "2016.03.20"]
[Round "5"]
[White "Cripotos, Demetrio"]
[Black "Grillo, Francesco"]
[WhiteElo "1835"]
[BlackElo "1797"]
[Result "1-0"]
[PlyCount "87"]
[EventDate "2016.03.18"]

1. e4 c5 2. Nc3 e6 3. Bc4 Nc6 4. f4 Nge7 5. Nf3 d5 6. exd5 Nxd5 7. d4 Nxc3 8.
bxc3 Be7 9. O-O O-O 10. Ne5 cxd4 11. Nxc6 bxc6 12. cxd4 Qb6 13. c3 Ba6 14. Bxa6
Qxa6 15. f5 Qc4 16. Qc2 c5 17. Ba3 Rfc8 18. f6 Bxf6 19. Rxf6 gxf6 20. Bxc5 Rxc5
21. dxc5 Qxc5+ 22. Kh1 Rc8 23. Rc1 Qc4 24. Qf2 a6 25. Qxf6 Qxa2 26. Rf1 Rf8 27.
h3 Qd5 28. Rf4 Qd1+ 29. Kh2 Qd6 30. h4 Qc7 31. Kh3 Rc8 32. Rf3 Qd7 33. Rg3+ Kf8
34. Rg7 Qe7 35. Rg8+ Kxg8 36. Qxe7 Rxc3+ 37. g3 Rd3 38. Qg5+ Kh8 39. h5 Rd5 40.
Qf6+ Kg8 41. h6 Kf8 42. Qh8+ Ke7 43. Qxh7 Kf6 44. Qg7+ 1-0

[Event "C.to Provinciale PR"]
[Site "Salsomaggiore Terme ITA"]
[Date "2016.03.20"]
[Round "5"]
[White "De Santis, Alessio"]
[Black "Panizzi, Giuseppe"]
[WhiteElo "2306"]
[BlackElo "2091"]
[Result "1-0"]
[PlyCount "96"]
[EventDate "2016.03.18"]

1. d4 d5 2. c4 e6 3. Nc3 Nf6 4. cxd5 exd5 5. Bg5 Be7 6. e3 c6 7. Qc2 Nbd7 8.
Bd3 h6 9. Bh4 O-O 10. Nge2 a5 11. O-O Re8 12. f3 Nf8 13. Bf2 Bd6 14. h3 Nh5 15.
g4 Nf6 16. Kg2 Qe7 17. Rae1 Qd7 18. Ng3 g6 19. Qd2 Kg7 20. a3 Ne6 21. Bg1 b5
22. Bh2 b4 23. Na4 bxa3 24. bxa3 Qd8 25. Qc3 Ba6 26. Bxa6 Rxa6 27. Rb1 Qe7 28.
Rb3 Nc7 29. Nc5 Bxc5 30. dxc5 Nb5 31. Qa1 a4 32. Rd3 Kg8 33. e4 d4 34. Ne2 Qxc5
35. Rc1 Qe7 36. Nxd4 Nxd4 37. Qxd4 c5 38. Rxc5 Qe6 39. Qc4 Nh7 40. Qxe6 Rexe6
41. Rd8+ Kg7 42. Be5+ Nf6 43. h4 g5 44. h5 Rac6 45. Rxc6 Rxc6 46. Ra8 Re6 47.
Ba1 Kh7 48. Kf2 Ne8 1-0

[Event "C.to Provinciale PR"]
[Site "Salsomaggiore Terme ITA"]
[Date "2016.03.20"]
[Round "5"]
[White "Ghirardi, Gianfranco"]
[Black "Taddia, Davide"]
[WhiteElo "1616"]
[BlackElo "1459"]
[Result "1-0"]
[PlyCount "41"]
[EventDate "2016.03.18"]

1. d4 f5 2. Nf3 Nf6 3. c4 e6 4. g3 Be7 5. Bg2 O-O 6. Nc3 Ne4 7. Qc2 a5 8. Nxe4
fxe4 9. Qxe4 Bf6 10. O-O Nc6 11. Bd2 Re8 12. Bc3 d5 13. Qd3 Nb4 14. Bxb4 axb4
15. c5 e5 16. Nxe5 Bxe5 17. dxe5 Rxe5 18. f4 Re8 19. Bxd5+ Be6 20. Bxe6+ Rxe6
21. Qc4 1-0

[Event "C.to Provinciale PR"]
[Site "Salsomaggiore Terme ITA"]
[Date "2016.03.20"]
[Round "5"]
[White "Mantovani, Celso"]
[Black "Fischetti, Luciano"]
[WhiteElo "1552"]
[BlackElo "1221"]
[Result "0-1"]
[PlyCount "60"]
[EventDate "2016.03.18"]

1. e4 c5 2. Nc3 e6 3. d3 Nc6 4. Nf3 h6 5. b3 g6 6. Bb2 Bg7 7. Rb1 d6 8. Be2
Nge7 9. a3 a6 10. O-O e5 11. Qe1 Be6 12. Nd1 Qd7 13. a4 O-O 14. Kh1 f5 15. Nh4
g5 16. Nf3 f4 17. Nd2 g4 18. f3 Bf6 19. Rg1 Ng6 20. Nf1 h5 21. fxg4 hxg4 22. g3
f3 23. Nc3 Bg5 24. Nd1 Rf7 25. Nc3 Raf8 26. Qd1 Nd4 27. Bc1 Bxc1 28. Rxc1 Rh7
29. Nd2 Rxh2+ 30. Kxh2 Qh7# 0-1

[Event "C.to Provinciale PR"]
[Site "Salsomaggiore Terme ITA"]
[Date "2016.03.20"]
[Round "5"]
[White "Mingione, Luigi"]
[Black "Paoli, Walter"]
[WhiteElo "1756"]
[BlackElo "1947"]
[Result "0-1"]
[PlyCount "76"]
[EventDate "2016.03.18"]

1. e4 c5 2. f4 d5 3. exd5 Nf6 4. Bb5+ Nbd7 5. Nc3 a6 6. Bxd7+ Qxd7 7. Nf3 Nxd5
8. Nxd5 Qxd5 9. d4 cxd4 10. Qxd4 Qxd4 11. Nxd4 e6 12. Be3 Be7 13. O-O-O Bd7 14.
Nf3 Bc6 15. Rhf1 O-O 16. g3 Rac8 17. Bd4 Be4 18. Bc3 b5 19. Ne1 b4 20. Be5 Bd5
21. Kb1 Rfd8 22. b3 a5 23. Rc1 Bc5 24. Nd3 Be3 25. Rce1 Bg2 26. f5 Bxf1 27.
Rxf1 f6 28. Bb2 e5 29. g4 h6 30. Re1 Bd4 31. Bc1 Re8 32. h4 Kf7 33. g5 hxg5 34.
hxg5 fxg5 35. Bxg5 Rc3 36. Bd2 Rc6 37. Bg5 g6 38. Rf1 gxf5 0-1

[Event "C.to Provinciale PR"]
[Site "Salsomaggiore Terme ITA"]
[Date "2016.03.20"]
[Round "5"]
[White "Molinelli, Luigi"]
[Black "Scotti, Luigi"]
[WhiteElo "1286"]
[BlackElo "1433"]
[Result "1-0"]
[PlyCount "35"]
[EventDate "2016.03.18"]

1. Nf3 g6 2. g3 Bg7 3. Bg2 d6 4. c4 e6 5. d3 Nd7 6. O-O a6 7. Nbd2 Rb8 8. Rb1
b6 9. b4 Bb7 10. a3 Ne7 11. Bb2 Bxb2 12. Rxb2 Nf6 13. Nd4 Bxg2 14. Kxg2 e5 15.
N4b3 O-O 16. Qc2 Qd7 17. Ne4 Nxe4 18. dxe4 1-0

[Event "C.to Provinciale PR"]
[Site "Salsomaggiore Terme ITA"]
[Date "2016.03.20"]
[Round "5"]
[White "Pagani, Fausto"]
[Black "Azzolini, Saulo"]
[WhiteElo "1571"]
[BlackElo "1440"]
[Result "1-0"]
[PlyCount "53"]
[EventDate "2016.03.18"]

1. d4 d5 2. c4 e5 3. dxe5 d4 4. Nf3 Nc6 5. a3 Nge7 6. b4 Ng6 7. e3 Ngxe5 8.
Nxe5 Nxe5 9. exd4 Ng4 10. f3 Nf6 11. Nc3 Be7 12. Bd3 O-O 13. d5 Re8 14. O-O c6
15. dxc6 bxc6 16. Bb2 Qd4+ 17. Kh1 Qh4 18. Ne4 Nh5 19. g3 Qh3 20. Rg1 Bb7 21.
c5 a5 22. Nf2 Qe6 23. Qc2 g6 24. Bc4 Qe3 25. Qe4 Bf6 26. Qxe3 Rxe3 27. Bxf6 1-0

[Event "C.to Provinciale PR"]
[Site "Salsomaggiore Terme ITA"]
[Date "2016.03.20"]
[Round "5"]
[White "Plucani, Germano"]
[Black "Donelli, Sergio"]
[WhiteElo "1414"]
[BlackElo "1506"]
[Result "1-0"]
[PlyCount "121"]
[EventDate "2016.03.18"]

1. Nf3 Nf6 2. c4 g6 3. b3 Bg7 4. Bb2 d6 5. g3 e5 6. d3 O-O 7. Bg2 c6 8. O-O
Nbd7 9. Nbd2 Qc7 10. Qc2 Nc5 11. b4 Ne6 12. Rab1 Bd7 13. a4 Rac8 14. Rfc1 b6
15. Nb3 c5 16. b5 h6 17. Bc3 Nd4 18. Nfxd4 exd4 19. Bd2 Rce8 20. Re1 Ng4 21. h3
Nf6 22. a5 Qc8 23. axb6 axb6 24. Kh2 Qc7 25. Ra1 g5 26. Ra2 g4 27. h4 Nh5 28.
Qc1 Kh7 29. Be4+ f5 30. Bg2 Qd8 31. Ra6 f4 32. Be4+ Kh8 33. Kg2 fxg3 34. fxg3
Qf6 35. Rf1 Qe5 36. Bf4 Qe7 37. Rxb6 Nxf4+ 38. Rxf4 Be5 39. Rxf8+ Qxf8 40. Nxc5
Bc8 41. Nb7 Qf6 42. Nxd6 Bxd6 43. c5 Rf8 44. Qe1 Rd8 45. Rxd6 Rxd6 46. cxd6
Qxd6 47. Qf2 Kg7 48. Qf4 Qxf4 49. gxf4 Kf6 50. Bc6 Ke7 51. Kg3 Kf6 52. b6 Ke7
53. b7 Bxb7 54. Bxb7 h5 55. Be4 Kf6 56. Bb7 Kg6 57. Bc8 Kf6 58. Bxg4 hxg4 59.
Kxg4 Kg6 60. f5+ Kh6 61. Kf4 1-0

[Event "C.to Provinciale PR"]
[Site "Salsomaggiore Terme ITA"]
[Date "2016.03.20"]
[Round "5"]
[White "Salati, Paolo"]
[Black "De Simone Sorrentino, Fabio"]
[WhiteElo "1776"]
[BlackElo "1679"]
[Result "0-1"]
[PlyCount "66"]
[EventDate "2016.03.18"]

1. e4 e6 2. Qe2 b6 3. f4 Ba6 4. d3 d5 5. exd5 Qxd5 6. Nc3 Bb4 7. Bd2 Qc6 8. Nf3
Nf6 9. Ne5 Qd6 10. g3 Bb7 11. Bg2 c6 12. Nb5 Bxd2+ 13. Qxd2 Qe7 14. Nd4 c5 15.
Ndc6 Nxc6 16. Nxc6 Qc7 17. Ne5 O-O 18. O-O-O Rad8 19. Bxb7 Qxb7 20. Qe2 Rd4 21.
Nf3 Ra4 22. a3 b5 23. Nd2 b4 24. Nb1 bxa3 25. Nxa3 Rb8 26. Nc4 Nd5 27. Qe5 Nb4
28. Rhe1 Na2+ 29. Kb1 Qb4 30. f5 Nc3+ 31. Kc1 Ra1+ 32. Kd2 Nxd1+ 33. c3 Qxb2+
0-1